Raúl Reyes : (Registro nro. 35406)

Detalles MARC
000 -CABECERA
Longitud fija campo de control 01873nam a2200241 a 4500
003 - • IDENTIFICADOR DELl NÚMERO DE CONTROL
Identificador del número de control CO-ViMGA
005 - • FECHA Y HORA DE LA ÚLTIMA TRANSACCIÓN
Fecha y hora de la última transacción 20230915233127.0
008 - • CÓDIGOS DE INFORMACIÓN DE LONGITUD FIJA
Códigos de información de longitud fija 080930s2008 ck gr 00010 spa d
020 ## - • NÚMERO INTERNACIONAL NORMALIZADO PARA LIBROS
Número Internacional Normalizado para Libros (ISBN) 9789584515353
040 ## - FUENTE DE LA CATALOGACIÓN
Centro catalogador de origen CO-ViMGA
Lengua de catalogación spa
Centro transcriptor CO-ViMGA
043 ## - CÓDIGO DE ÁREA GEOGRÁFICA
Código de área geográfica s-ck---
082 04 - • NÚMERO DE LA CLASIFICACIÓN DECIMAL DEWEY
Número de clasificación (R) 303.64
Número del ítem P37r
Número de edición 21
100 1# - • PUNTO DE ACCESO PRINCIPAL-NOMBRE DE PERSONA
Nombre de persona Pérez, José Gregorio.
245 10 - • TITULO PROPIAMENTE DICHO
Título Raúl Reyes :
Resto del título el canciller de la montaña /
Mención de responsabilidad, etc. José Gregorio Pérez.
300 ## - • DESCRIPCIÓN FÍSICA
Extensión 277 p. ;
Dimensiones 23 cm.
520 3# - • NOTA DE RESUMEN
Resumen, etc, Luego de ser abatido por las Fuerzas Armadas de Colombia en marzo de 2008, el país empezó a conocer el inmenso poder que Raúl Reyes detentaba dentro de las FARC. Los cientos de correos electrónicos y documentos hallados en sus computadores personales, han revelado las redes de relaciones que había construido durante veinticinco años y que se encargaba de mantener desde sus campamentos en la selva colombo-ecuatoriana. El impresionante archivo encontrado por las autoridades da cuenta de los negocios de tráfico de drogas y armas de las FARC, su infiltración en todos los niveles de organizaciones políticas y sociales nacionales y extranjeras, e incluso de las rivalidades entre los líderes del grupo guerrillero. El canciller de la montaña cuenta cuáles eran los propósitos subversivos que coordinaba con sagacidad y cinismo Raúl Reyes, el responsable de cientos de secuestros, ataques a poblaciones, fusilamientos y masacres; el mismo que mantenía cercanos tratos con gobernantes, políticos y funcionarios de varios países del mundo.
600 14 - • PUNTO DE ACCESO ADICIONAL DE MATERIA - NOMBRE DE PERSONA
Nombre de persona Reyes, Raúl,
Fechas asociadas al nombre 1948-2008
Subdivisión de materia general (R ) Reportajes.
610 24 - • PUNTO DE ACCESO ADICIONAL DE MATERIA - NOMBRE DE ENTIDAD CORPORATIVA
Nombre de entidad corporativa o nombre de jurisdicción como elemento inicial Fuerzas Armadas Revolucionarias de Colombia
Subdivisió,n de materia general Reportajes.
650 14 - • PUNTO DE ACCESO ADICIONAL DE MATERIA - TÉRMINO DE MATERIA
Término de materia o nombre geográfico como elemento inicial Guerrillas colombianas
Subdivisión de materia general Reportajes.
650 14 - • PUNTO DE ACCESO ADICIONAL DE MATERIA - TÉRMINO DE MATERIA
Término de materia o nombre geográfico como elemento inicial Periodismo de investigación
Subdivisión geográfica Colombia.
942 ## - ENTRADA DE ELEMENTOS AGREGADOS (KOHA)
Fuente de clasificaión o esquema Dewey Decimal Classification
Koha [por defecto] tipo de item LIbro
Existencias
Perdido Fuente de clasificación o esquema Estado Físico No para préstamo Forma de adquisición Localización permanente Localización actual Fecha adquisición Préstamos totales Signatura completa Código de barras Fecha última consulta Número de copia Fecha del precio de reemplazo Tipo de item de Koha Localización en estanterías Note pública
        Sala General Biblioteca Pública Departamental Eduardo Carranza - Villavicencio Biblioteca Pública Departamental Eduardo Carranza - Villavicencio 10/17/2012   303.6486121 P37 ECA19736 11/26/2024 Ej.1 11/26/2024 LIbro General 16237 | 20991
  Dewey Decimal Classification     Sala General Segundo Piso Biblioteca Pública Germán Arciniegas - Villavicencio Biblioteca Pública Germán Arciniegas - Villavicencio 04/12/2016   303.64 P37r 29868 04/12/2016 Ej. 1 04/12/2016 LIbro    









Instituto Departamental de Cultura del Meta - Red Departamental de Bibliotecas Públicas del Meta.